| 000 | 00539nam a22001937a 4500 | ||
|---|---|---|---|
| 003 | BD-ChCU | ||
| 005 | 20260504114252.0 | ||
| 008 | 260504b uk ||||| |||| 00| 0eng d | ||
| 020 | _a9781803562995 | ||
| 040 | _cBD-ChCU | ||
| 082 |
_223 _a363.7394 M332 |
||
| 245 |
_aMarine pollution recent developments / _cEdited by Monique Mancuso. |
||
| 260 |
_aU K : _bMarine London, _c2023 |
||
| 300 | _a187 P. : | ||
| 504 | _aIncludes. | ||
| 650 | 0 |
_aMarine pollution. _922297 |
|
| 700 |
_aMancuso, Monique. _eEditor _922299 |
||
| 942 |
_2ddc _cBK _n0 |
||
| 999 |
_c112627 _d112627 |
||